| 000 | 00753nam a2200193 i 4500 | ||
|---|---|---|---|
| 001 | 84444 | ||
| 003 | ES-MaACL | ||
| 007 | t| | ||
| 008 | 041122s1984 sp ||||1| spa d | ||
| 020 | _a84-505-0619-0 | ||
| 100 | 1 |
_aJimeno Martínez, Alfredo. _966652 |
|
| 245 | 1 | 0 |
_aLos Tolmos de Caracena (Soria) _b: nuevas bases para el estudio de la Edad del Bronce en la zona del Alto Duero : (campañas de 1977, 1978 y 1979) / _cAlfredo Jimeno Martínez. |
| 260 |
_aMadrid : _bSubdirección General de Arqueología y Etnografía, _c1984. |
||
| 300 |
_a405 p. : _bil. ; _c29 cm. |
||
| 490 | 1 | _aExcavaciones arqueológicas en España | |
| 830 | 0 |
_aExcavaciones arqueológicas en España _9177264 |
|
| 852 |
_aES-MaACL _jL-8088 _bR.108522 |
||
| 999 |
_c84444 _d84444 |
||